| 000 | 00000nam 2200000za 4500 |
| 001 | 9.700064 |
| 003 | CaOODSP |
| 005 | 20230629144651 |
| 007 | cr ||||||||||| |
| 008 | 150407|2014||||xxc|||||o f|0| 0 eng d |
| 020 | |a978-1-100-25260-5 |
| 040 | |aCaOODSP|beng |
| 043 | |an-cn--- |
| 086 | 1 |aSG5-12/1-2014E-PDF |
| 110 | 1 |aCanada. |bService Canada. |
| 245 | 10|aHow to complete the Record of Employment form |h[electronic resource] |
| 260 | |aOttawa - Ontario : |bService Canada |cNovember 2014. |
| 300 | |a56p.|billus., tables |
| 590 | |a15-13|b2015-03-27 |
| 690 | 07|aRecord of employment|2gcpds |
| 775 | 08|tMarche à suivre pour remplir le relevé d'emploi |w(CaOODSP)9.643979 |
| 794 | |tHow to complete the record of employment form.|w(CaOODSP)9.903439 |
| 795 | |tHow to complete the Record of Employment form |w(CaOODSP)9.695384|tHow to complete the Record of Employment form |w(CaOODSP)9.699991 |
| 856 | 40|ahttp://publications.gc.ca|qPDF|s1.37 MB|uhttps://publications.gc.ca/collections/collection_2015/servcan/SG5-12-1-2014-eng.pdf |
| 986 | |aIN-327-011-14E |